Medzinárodná migrácia a jej vplyv na budúci demografický vývoj v SR diplomová práca

Salvato in:
Dettagli Bibliografici
Autore principale: Mihálková, Mária
Ente Autore: Národohospodárska fakulta EU. Katedra sociálneho rozvoja a práce
Altri autori: Přívara, Andrej, 1983-
Natura: Libro
Lingua:slovacco
Pubblicazione: Bratislava 2018
Tags: Aggiungi Tag
Nessun Tag, puoi essere il primo ad aggiungerne!!

MARC

LEADER 00000nbm a2200000 4500
001 0244375
005 20181126105259.5
041 0 |a slo 
044 |a SK 
245 1 0 |a Medzinárodná migrácia a jej vplyv na budúci demografický vývoj v SR  |b diplomová práca  |c Mária Mihálková ; školiteľ: Andrej Přívara 
264 1 |a Bratislava  |c 2018 
300 |a 90 s. 
100 1 |a Mihálková, Mária 
700 1 |a Přívara, Andrej, 1983- 
710 2 |a Národohospodárska fakulta EU. Katedra sociálneho rozvoja a práce